[Event "Tata Steel GCT Blitz 2019"]
[Site "Kolkata"]
[Date "2019.11.25"]
[Round "5"]
[White "So, Wesley"]
[Black "Harikrishna, Pentala"]
[Result "1/2-1/2"]
[WhiteElo "2760"]
[BlackElo "2731"]
[Annotator "TA"]
[PlyCount "77"]
[EventDate "2019.11.25"]
[EventType "tourn"]
[EventCountry "IND"]
[SourceTitle "playchess.com"]
[Source "ChessBase"]
[SourceQuality "1"]

{[%evp 16,77,39,35,22,8,2,0,6,-30,0,0,0,-7,0,0,0,-2,11,6,6,1,5,5,6,6,4,0,0,0,0,0,0,0,0,0,0,0,0,0,0,0,0,-15,0,0,0,0,0,-16,-15,-16,0,0,0,0,0,0,0,0,0,0,0,0]} 1. c4 Nf6 2. Nf3 e6 3. b3 b6 4. g3 Bb7 5. Bg2 Be7 6. O-O c5 7. Bb2 O-O 8. d4 cxd4 9. Qxd4 Nc6 {A30: Symmetrical English: Double Fianchetto and Hedgehog} 10. Qd2 d5 11. cxd5 Qxd5 $146 ({Predecessor:} 11... Nxd5 12. Rd1 Rc8 13. Nc3 Bb4 14. a3 Nxc3 15. Bxc3 Bxc3 16. Qxc3 Qe7 17. Qe3 {½-½ (36) Nikolic,P (2584)-Navara,D (2646) Khanty-Mansiysk 2005}) 12. Qe3 {[#] Hoping for Ne5.} Qe4 13. Qxe4 $1 {The position is equal.} Nxe4 14. Nfd2 Nxd2 15. Nxd2 Rac8 16. Rac1 Na5 17. Bxb7 Nxb7 18. Kg2 f6 19. f4 Kf7 20. Nf3 Nd6 21. Nd4 Nf5 22. Nxf5 exf5 23. Rfd1 Ke6 24. Kf3 Rxc1 25. Rxc1 $11 {[%mdl 4096] Endgame KRB-KRB} Rd8 26. Rc6+ Rd6 27. Rc2 Rd1 28. e3 Bc5 29. Bc3 Rf1+ 30. Ke2 Rh1 31. Kd3 Kd5 32. Re2 a5 33. a4 h5 34. Be1 Rf1 35. Bc3 Rd1+ 36. Kc2 Rh1 {aiming for ...Ke4.} 37. Kd3 Rd1+ 38. Kc2 Rh1 {Threatens to win with ...Ke4.} 39. Kd3 {Accuracy: White = 75%, Black = 67%.} 1/2-1/2

[Event "Tata Steel GCT Blitz 2019"]
[Site "Kolkata"]
[Date "2019.11.25"]
[Round "5"]
[White "Nakamura, Hikaru"]
[Black "Nepomniachtchi, Ian"]
[Result "1/2-1/2"]
[WhiteElo "2741"]
[BlackElo "2773"]
[Annotator "TA"]
[PlyCount "89"]
[EventDate "2019.11.25"]
[EventType "tourn"]
[EventCountry "IND"]
[SourceTitle "playchess.com"]
[Source "ChessBase"]
[SourceQuality "1"]

{[%evp 9,89,17,20,4,17,0,15,11,15,13,14,7,13,11,18,-8,-8,-5,-5,-6,0,-5,-2,-9,-10,-10,-9,-8,-12,-18,-17,-16,-16,-16,-9,-6,0,-8,0,0,0,-15,0,0,0,-17,-22,-56,-24,-44,-17,-42,-15,-31,-20,-18,0,0,0,0,0,0,0,0,0,0,0,0,0,0,0,0,0,0,0,0,0,0,0,0,0,0]} 1. d4 Nf6 2. Bg5 e6 3. e4 h6 4. Bxf6 Qxf6 5. c3 b6 (5... c5 6. Nf3 cxd4 7. cxd4 Bb4+ 8. Nc3 O-O 9. Bd3 d6 10. O-O Nc6 11. Bb5 Bxc3 12. bxc3 Bd7 13. Re1 Rac8 14. e5 dxe5 15. Nxe5 Rfd8 16. Bxc6 Bxc6 {½-½ (38) Duda,J (2730)-Giri,A (2780) chess.com INT 2019}) 6. g3 {A45: Trompowsky Attack} Bb7 7. Bg2 {White wants to play e5.} Qe7 $146 ({Predecessor:} 7... Qd8 8. Ne2 d6 9. O-O Nd7 10. Nd2 Be7 11. a4 a6 12. Nc4 O-O 13. Qc2 {½-½ (32) Duong,T (2445)-Fogarasi,T (2429) Budapest 2008}) 8. Nd2 g6 9. Ngf3 Bg7 10. O-O O-O 11. Re1 d6 12. e5 Nd7 13. exd6 cxd6 14. a4 a6 {[%cal Ba7a6,Ba6b5,Bb5b4][%mdl 32]} 15. Nh4 Nf6 16. Qe2 Rab8 17. Bxb7 Qxb7 18. Ng2 b5 19. axb5 axb5 20. Ne3 b4 21. c4 Ne4 22. Nf3 f5 23. Ra5 Kh7 24. Rea1 Ra8 25. Nf1 Rxa5 26. Rxa5 Ra8 27. Rxa8 Qxa8 28. b3 Qa1 29. Qe3 g5 {Threatens to win with ...g4.} 30. h3 Qc3 31. Kg2 Kg6 32. g4 {The position is equal.} h5 33. gxh5+ Kh6 $1 34. d5 exd5 35. cxd5 Kxh5 36. Ng3+ Kg6 37. Nxe4 Qxe3 38. fxe3 fxe4 $11 {[%mdl 4096] Endgame KB-KN} 39. Nd2 Kf5 40. Nc4 Be5 41. Na5 Bc3 {Threatening ...Ke5.} 42. Nc4 Be5 43. Kf2 Kf6 44. Na5 Kf5 45. Nc4 {Accuracy: White = 68%, Black = 63%.} 1/2-1/2

[Event "Tata Steel GCT Blitz 2019"]
[Site "Kolkata"]
[Date "2019.11.25"]
[Round "6"]
[White "So, Wesley"]
[Black "Vidit, Santosh Gujrathi"]
[Result "1/2-1/2"]
[WhiteElo "2760"]
[BlackElo "2722"]
[Annotator "TA"]
[PlyCount "79"]
[EventDate "2019.11.25"]
[EventType "tourn"]
[EventCountry "IND"]
[SourceTitle "playchess.com"]
[Source "ChessBase"]
[SourceQuality "1"]

{[%evp 20,79,0,0,0,0,10,10,10,0,16,23,29,25,19,19,30,6,38,0,0,0,0,0,0,0,0,-4,0,0,0,-49,-43,-43,-46,-45,-34,-54,-33,-48,-35,-40,-28,-41,0,-48,-25,-100,-25,-23,0,-105,-18,-47,0,0,0,0,0,0,0,-4]} 1. Nf3 Nf6 2. d4 d5 3. c4 e6 4. g3 Be7 5. Bg2 O-O 6. O-O dxc4 7. Qc2 a6 8. Qxc4 b5 9. Qc2 Bb7 10. Bd2 Be4 11. Qc1 c6 {E05: Open Catalan: 5 Nf3 Be7} 12. a4 Nbd7 13. Nc3 Bg6 14. Nh4 Rc8 15. Nxg6 hxg6 16. axb5 axb5 17. Rd1 Qb6 {[#]} 18. e3 $146 ({Predecessor:} 18. Bg5 Rfe8 19. h4 {½-½ (36) Matlakov,M (2710)-Tomashevsky,E (2706) Izhevsk 2019}) 18... Rfd8 19. Qb1 c5 20. d5 b4 21. Na4 $1 {[%cal Ra4b6]} Qd6 22. e4 $1 exd5 23. Bf4 Ne5 24. exd5 Nfd7 25. b3 g5 $1 {[%cal Rg5f4]} 26. Bxe5 Nxe5 27. Nb2 Bf6 28. Qc2 Ra8 29. Ra4 Rxa4 30. Nxa4 Rc8 31. Nb2 g4 32. h4 Ra8 33. Na4 {[#]} (33. Nd3 $11 {remains equal.}) 33... Nd7 ({Black should try} 33... c4 $1 $17 34. bxc4 Nf3+ 35. Bxf3 gxf3) 34. Qe4 Ne5 (34... Bd4 $11) 35. Qc2 $17 {[#]} Rc8 (35... c4 $1 $17 36. bxc4 Nf3+ 37. Bxf3 gxf3) 36. Nb2 Rc7 37. h5 {The position is equal.} Ra7 38. Na4 Rc7 39. Nb2 Ra7 40. Na4 {Accuracy: White = 45%, Black = 43%.} 1/2-1/2

[Event "Tata Steel GCT Blitz 2019"]
[Site "Kolkata"]
[Date "2019.11.25"]
[Round "6"]
[White "Anand, Viswanathan"]
[Black "Giri, Anish"]
[Result "1/2-1/2"]
[WhiteElo "2757"]
[BlackElo "2776"]
[Annotator "TA"]
[PlyCount "46"]
[EventDate "2019.11.25"]
[EventType "tourn"]
[EventCountry "IND"]
[SourceTitle "playchess.com"]
[Source "ChessBase"]
[SourceQuality "1"]

{[%evp 9,46,14,10,17,24,25,15,0,13,3,0,0,0,0,6,0,0,-8,0,0,0,0,28,-20,-23,-22,-15,-37,-35,-42,0,0,0,-12,-12,-18,-14,-8,-7]} 1. e4 e5 2. Nf3 Nc6 3. Bb5 Nf6 4. d3 Bc5 5. c3 O-O 6. O-O {C65: Ruy Lopez: Berlin Defence (3...Nf6), unusual lines and 4 0-0 Bc5} (6. Nbd2 Re8 7. O-O a6 8. Bxc6 dxc6 9. Nc4 Nd7 10. Re1 Bf8 11. d4 exd4 12. cxd4 Nb6 13. Nxb6 cxb6 {1-0 (39) Anand,V (2779)-Giri,A (2797) Shamkir 2019}) 6... d5 7. exd5 Qxd5 8. Qb3 Bf5 $146 ({Predecessor:} 8... Qd6 9. Nbd2 Be6 10. Qa4 Ne7 11. Ne4 Nxe4 12. Qxe4 Ng6 13. Bc4 {½-½ (34) Vachier Lagrave,M (2780)-Eljanov,P (2703) Batumi 2018}) 9. Qxd5 Nxd5 10. Bxc6 bxc6 11. Nxe5 Bd6 12. d4 c5 13. Nf3 Rfe8 14. dxc5 Bxc5 15. Nbd2 Bd3 16. Rd1 Be2 17. Re1 Bb6 {Threatening ...Nf4.} 18. g3 a5 {[%mdl 1024] Black has compensation.} 19. a4 Re7 20. Nh4 {The position is equal.} Rae8 {Threatens to win with ...Ba6.} 21. Nf1 Bg4 22. Rxe7 Rxe7 {[#]} ({Much worse is} 22... Nxe7 23. Be3 $14) 23. Be3 $1 {[%mdl 512]} Nxe3 {Accuracy: White = 53%, Black = 63%.} (23... Bxe3 24. Nxe3) 1/2-1/2

[Event "Tata Steel GCT Blitz 2019"]
[Site "Kolkata"]
[Date "2019.11.25"]
[Round "7"]
[White "Carlsen, Magnus"]
[Black "Aronian, Levon"]
[Result "1-0"]
[WhiteElo "2870"]
[BlackElo "2772"]
[Annotator "TA"]
[PlyCount "111"]
[EventDate "2019.11.25"]
[EventType "tourn"]
[EventCountry "IND"]
[SourceTitle "playchess.com"]
[Source "ChessBase"]
[SourceQuality "1"]

{[%evp 10,111,0,-11,0,0,6,1,3,0,13,0,0,-8,0,-30,0,0,0,-17,-25,-13,0,0,16,17,28,17,32,15,10,14,6,0,1,0,0,0,14,13,24,20,30,39,36,0,0,0,0,0,47,0,73,58,225,222,438,438,438,438,438,438,438,438,903,895,895,895,895,895,888,888,888,881,881,875,866,866,838,549,549,548,548,548,551,510,29945,29945,29950,29953,29958,29957,29953,9115,29976,29977,29977,29978,29977,29979,29979,29979,29978,29979]} 1. c4 Nf6 2. Nc3 e5 3. Nf3 Nc6 4. d3 d5 5. cxd5 Nxd5 6. e4 Nb6 {A28: English Opening: Four Knights Variation} 7. Be2 Be7 8. Be3 O-O {The position is equal.} 9. O-O Be6 10. a4 a6 $146 ({Predecessor:} 10... Nd7 11. d4 exd4 12. Nxd4 Nxd4 13. Qxd4 c6 14. a5 {1-0 (37) Carlsen,M (2733)-Topalov,V (2780) Morelia/Linares 2008}) 11. a5 Nd7 12. d4 exd4 13. Nxd4 Nxd4 14. Bxd4 Nc5 15. Be3 Qxd1 16. Rfxd1 Rfd8 17. Nd5 Bxd5 18. exd5 {And now Rac1 would win.} Nd7 19. Bf4 (19. Rac1 {is interesting.} Bd6 20. g3 g6 21. Bf3 Re8 22. Rc3) 19... Bd6 20. Bxd6 cxd6 21. Rac1 Nf6 22. Rc7 Rab8 23. Bf3 b6 24. b4 bxa5 25. bxa5 Rb5 26. Ra1 Nxd5 27. Bxd5 Rxd5 $14 {[%mdl 4096] Endgame KRR-KRR} 28. Ra7 g6 29. h3 Rb8 30. Rxa6 Kg7 (30... Rd2 $11 {keeps the balance.}) 31. Rc6 $16 {a6 is the strong threat.} Rb2 $2 (31... Ra8 $14) 32. a6 $18 {Threatens to win with a7.} Rdd2 $2 (32... Rdb5 33. Rcc1 (33. Rxd6 Rb1+ 34. Rxb1 Rxb1+ 35. Kh2 Rb3 $16) 33... Rb8) 33. a7 Rxf2 {[#]} 34. Rc2 $1 {[%cal Rc2f2][%mdl 64] Promotion} ({Worse is} 34. a8=Q Rxg2+ 35. Kf1 Rbf2+ 36. Ke1 Re2+ 37. Kf1 (37. Kd1 Ref2 $11) 37... Rgf2+ 38. Kg1 Rg2+ 39. Kh1 (39. Kf1 Rgf2+ 40. Kg1 Rg2+ 41. Kh1 Rh2+ {[%mdl 64] Double Attack} 42. Kg1 Rhg2+ $11) 39... Rh2+ 40. Kg1 Rhg2+ 41. Kh1 (41. Kf1 Rgf2+ 42. Kg1 Rg2+ $11) 41... Rh2+ 42. Kg1 Rhg2+ $11) 34... Rbxc2 35. a8=Q h5 36. Qe4 Rce2 (36... Rcd2 $142 37. g4 hxg4) 37. Qd4+ {[%mdl 64] Double Attack} Rf6 38. Rf1 Re5 39. Rxf6 Kxf6 40. Qxd6+ {KQ-KR} Re6 41. Qf8 Re5 42. Kf2 Rf5+ 43. Ke3 Re5+ 44. Kd4 {[#] White threatens Qh8+ and mate.} Re2 45. g4 hxg4 46. hxg4 Rg2 47. Qh8+ Ke7 (47... Kg5 $18 48. Qd8+ Kxg4) 48. Qh3 Rd2+ 49. Ke5 Re2+ 50. Kf4 Re6 51. Kg5 (51. Qa3+ $142 Kf6 52. Qc3+ Ke7 53. Qb4+ Kf6 54. Qd4+ Ke7 55. Qc5+ Kf6 56. Qd4+ Ke7 57. Qc5+ Kf6 58. Qc3+ Ke7 59. Kg5) 51... Re5+ 52. Kh6 {White mates.} g5 53. Kg7 Re6 54. Qa3+ Ke8 55. Qa8+ Ke7 56. Qb7+ {Accuracy: White = 77%, Black = 39%.} 1-0

[Event "Tata Steel GCT Blitz 2019"]
[Site "Kolkata"]
[Date "2019.11.25"]
[Round "7"]
[White "Giri, Anish"]
[Black "So, Wesley"]
[Result "0-1"]
[WhiteElo "2776"]
[BlackElo "2760"]
[Annotator "RC"]
[PlyCount "99"]
[EventDate "2019.11.25"]
[EventType "tourn"]
[EventCountry "IND"]
[SourceTitle "playchess.com"]
[Source "ChessBase"]
[SourceQuality "1"]
[TimeMode "Bronstein"]
[TimeControl "300+3"]

1. d4 {[%emt 0:00:00]} Nf6 {[%emt 0:00:00]} 2. c4 {[%emt 0:00:00]} e6 {[%emt 0:00:00]} 3. Nf3 {[%emt 0:00:00]} d5 {[%emt 0:00:00]} 4. g3 {[%emt 0:00:00]} Bb4+ {[%emt 0:00:00]} 5. Bd2 {[%emt 0:00:00]} Be7 {[%emt 0:00:00]} 6. Bg2 {[%emt 0:00:00]} Nbd7 {[%emt 0:00:00]} 7. O-O {[%emt 0:00:00]} O-O {[%emt 0:00:00]} 8. Qc2 {[%emt 0:00:00]} c6 {[%emt 0:00:00]} 9. Bf4 {[%emt 0:00:00]} b6 {[%emt 0:00:02]} 10. cxd5 {[%emt 0:00:00]} cxd5 {[%emt 0:00:02]} 11. Rc1 {[%emt 0:00:00]} Bb7 {[%emt 0:00:08]} 12. Bc7 {[%emt 0:00:00]} Qe8 {[%emt 0:00:10]} 13. Qb3 {[%emt 0:00:00]} Rc8 {[%emt 0:00:09]} 14. Na3 {[%emt 0:00:00]} Ba6 {[%emt 0:00:23]} 15. Nb5 {[%emt 0:00:00]} Bxb5 {[%emt 0:00:19]} 16. Qxb5 {[%emt 0:00:00]} Nc5 {[%emt 0:00:08]} 17. Qxe8 {[%emt 0:00:00]} Rfxe8 {[%emt 0:00:03]} 18. Bf4 {[%emt 0:00:00]} Na4 {[%emt 0:00:20]} 19. Rxc8 {[%emt 0:00:00]} Rxc8 {[%emt 0:00:03]} 20. Rc1 {[%emt 0:00:00]} Rxc1+ {[%emt 0:00:10]} 21. Bxc1 {[%emt 0:00:00]} Nd7 {[%emt 0:00:03]} 22. Ne1 {[%emt 0:00:08]} b5 {[%emt 0:00:09]} 23. Nd3 {[%emt 0:00:09]} f5 {[%emt 0:00:08]} 24. Bd2 {[%emt 0:00:20]} Nab6 {[%emt 0:00:12]} 25. b3 {[%emt 0:00:10]} Nb8 {[%emt 0:00:06]} 26. Ne5 {[%emt 0:00:28]} N6d7 {[%emt 0:00:08]} 27. Nxd7 {[%emt 0:00:17]} Nxd7 {[%emt 0:00:03]} 28. Bf4 {[%emt 0:00:17]} Kf7 {[%emt 0:00:09]} 29. e3 {[%emt 0:00:09]} Nf6 {[%emt 0:00:27]} 30. Bf1 {[%emt 0:00:08]} Ne4 {[%emt 0:00:12]} 31. Bxb5 {[%emt 0:00:21]} Nc3 {[%emt 0:00:03]} 32. a4 {[%emt 0:00:24]} g5 {[%emt 0:00:08]} 33. Bc7 {[%emt 0:00:36]} Bb4 {[%emt 0:00:08]} 34. Bd3 {[%emt 0:00:06]} a5 {[%emt 0:00:08]} 35. g4 {[%emt 0:00:06]} Kg6 {[%emt 0:00:12]} 36. Kg2 {[%emt 0:00:14]} h5 {[%emt 0:00:03]} 37. gxf5+ {[%emt 0:00:20]} exf5 {[%emt 0:00:03]} 38. Bb5 {[%emt 0:00:03]} h4 {[%emt 0:00:19]} 39. Be8+ {[%emt 0:00:03]} Kh6 {[%emt 0:00:09]} 40. Bd8 {[%emt 0:00:10]} Ne4 {[%emt 0:00:11]} 41. Bc6 {[%emt 0:00:10]} h3+ {[%emt 0:00:50]} 42. Kg1 {[%emt 0:00:48]} Nc3 {[%emt 0:00:00]} 43. Bd7 {[%emt 0:00:19]} Kg6 {[%emt 0:00:00]} 44. Be8+ {[%emt 0:00:03]} Kh6 {[%emt 0:00:00]} 45. Bd7 {[%emt 0:00:08]} Kg6 {[%emt 0:00:00]} 46. Be6 {[%emt 0:00:05]} g4 {[%emt 0:00:00]} 47. Bd7 {[%emt 0:00:07]} Ne4 {[%emt 0:00:00]} 48. Be8+ {[%emt 0:00:03]} Kh6 {[%emt 0:00:00]} 49. Bf7 {[%emt 0:00:03]} Nc3 {[%emt 0:00:00]} 50. Bc7 {[%emt 0:00:02]} 0-1

[Event "Tata Steel GCT Blitz 2019"]
[Site "Kolkata"]
[Date "2019.11.25"]
[Round "7"]
[White "Nakamura, Hikaru"]
[Black "Anand, Viswanathan"]
[Result "1/2-1/2"]
[WhiteElo "2741"]
[BlackElo "2757"]
[Annotator "ChessBase"]
[PlyCount "65"]
[EventDate "2019.11.25"]
[EventType "tourn"]
[EventCountry "IND"]
[SourceTitle "playchess.com"]
[Source "ChessBase"]
[SourceQuality "1"]
[TimeMode "Bronstein"]
[TimeControl "300+3"]

1. e4 {[%emt 0:00:00]} e5 {[%emt 0:00:00]} 2. Nf3 {[%emt 0:00:00]} Nc6 {[%emt 0:00:00]} 3. Bb5 {[%emt 0:00:00]} Nf6 {[%emt 0:00:00]} 4. d3 {[%emt 0:00:00]} Bc5 {[%emt 0:00:00]} 5. O-O {[%emt 0:00:00]} Nd4 {[%emt 0:00:00]} 6. Be3 {[%emt 0:00:00]} Nxf3+ 7. Qxf3 {[%emt 0:00:00]} Bxe3 {[%emt 0:00:00]} 8. Qxe3 {[%emt 0:00:00]} O-O {[%emt 0:00:00]} 9. d4 {[%emt 0:00:00]} d6 {[%emt 0:00:17]} 10. Be2 {[%emt 0:00:03]} Re8 {[%emt 0:00:14]} 11. Nc3 {[%emt 0:00:03]} c6 {[%emt 0:00:16]} 12. dxe5 {[%emt 0:00:21]} dxe5 {[%emt 0:00:03]} 13. Rad1 {[%emt 0:00:03]} Qb6 {[%emt 0:00:03]} 14. Qxb6 {[%emt 0:00:04]} axb6 {[%emt 0:00:03]} 15. a4 {[%emt 0:00:03]} Be6 {[%emt 0:00:03]} 16. b3 {[%emt 0:00:03]} Kf8 {[%emt 0:00:03]} 17. f3 {[%emt 0:00:03]} Ke7 {[%emt 0:00:03]} 18. Kf2 {[%emt 0:00:03]} Red8 {[%emt 0:00:06]} 19. Ke3 {[%emt 0:00:03]} Nd7 {[%emt 0:00:04]} 20. Nb1 {[%emt 0:00:14]} Nc5 {[%emt 0:00:11]} 21. Rxd8 {[%emt 0:00:03]} Kxd8 {[%emt 0:00:06]} 22. Nd2 {[%emt 0:00:07]} Kc7 {[%emt 0:00:03]} 23. g3 {[%emt 0:00:03]} f6 {[%emt 0:00:03]} 24. f4 {[%emt 0:00:04]} Nd7 {[%emt 0:00:09]} 25. h4 {[%emt 0:00:16]} h6 {[%emt 0:00:08]} 26. h5 {[%emt 0:00:05]} Bf7 {[%emt 0:00:07]} 27. Bg4 {[%emt 0:00:07]} Re8 {[%emt 0:00:10]} 28. Bxd7 {[%emt 0:00:24]} Kxd7 {[%emt 0:00:03]} 29. g4 {[%emt 0:00:03]} exf4+ {[%emt 0:00:06]} 30. Kxf4 {[%emt 0:00:03]} Ke7 {[%emt 0:00:04]} 31. Nf3 {[%emt 0:00:04]} Rd8 {[%emt 0:00:03]} 32. Re1 {[%emt 0:00:13]} Be6 {[%emt 0:00:04]} 33. Rg1 {[%emt 0:00:16]} 1/2-1/2

[Event "Tata Steel GCT Blitz 2019"]
[Site "Kolkata"]
[Date "2019.11.25"]
[Round "8"]
[White "So, Wesley"]
[Black "Nakamura, Hikaru"]
[Result "1/2-1/2"]
[WhiteElo "2760"]
[BlackElo "2741"]
[Annotator "TA"]
[PlyCount "36"]
[EventDate "2019.11.25"]
[EventType "tourn"]
[EventCountry "IND"]
[SourceTitle "playchess.com"]
[Source "ChessBase"]
[SourceQuality "1"]

{[%evp 11,36,17,14,21,25,15,24,13,13,29,18,18,22,22,22,18,33,22,22,21,19,25,18,18,18,18,18]} 1. d4 (1. Nf3 d5 2. d4 {½-½ (33) So,W (2770)-Nakamura,H (2787) Leuven 2016}) 1... Nf6 2. Nf3 d5 3. c4 e6 4. Nc3 Be7 5. Bf4 O-O 6. e3 Nbd7 7. a3 {D37: Queen's Gambit Declined: 5 Bf4} (7. Be2 dxc4 8. O-O c5 9. dxc5 Nxc5 10. Bxc4 Qxd1 11. Rfxd1 b6 12. Bd6 Bxd6 13. Rxd6 Bb7 14. Rad1 Bxf3 15. gxf3 Rfc8 16. Be2 g5 17. R6d4 Kf8 18. f4 gxf4 19. Rxf4 {1-0 (67) Ding,L (2811)-Firouzja,A (2702) Khanty-Mansiysk 2019}) 7... c5 8. cxd5 Nxd5 9. Nxd5 {White has an edge.} exd5 10. dxc5 Nxc5 11. Be5 Bf5 12. Be2 Bf6 $146 ({Predecessor:} 12... Be4 13. O-O {½-½ (31) Wen,Y (2604)-Zhou,W (2597) China 2018}) 13. O-O Be4 14. Bxf6 Qxf6 15. Nd4 Ne6 16. Rc1 Nxd4 17. Qxd4 Qxd4 18. exd4 Rac8 1/2-1/2

[Event "Tata Steel GCT Blitz 2019"]
[Site "Kolkata"]
[Date "2019.11.25"]
[Round "8"]
[White "Anand, Viswanathan"]
[Black "Carlsen, Magnus"]
[Result "0-1"]
[WhiteElo "2757"]
[BlackElo "2870"]
[Annotator "TA"]
[PlyCount "70"]
[EventDate "2019.11.25"]
[EventType "tourn"]
[EventCountry "IND"]
[SourceTitle "playchess.com"]
[Source "ChessBase"]
[SourceQuality "1"]

{[%evp 9,114,36,65,40,35,18,16,11,20,18,25,-7,3,-29,-29,-29,-29,-33,-29,-27,-25,-32,-28,-34,-31,-45,-35,-52,-52,-68,-61,-77,-77,-71,-70,-72,-72,-80,-80,-77,-29,-29,-29,-33,-23,-21,-25,-55,-55,-55,-48,-55,-55,-55,-46,-55,-55,-78,-74,-86,-83,-92,-82,-89,-89,-95,-95,-95,-95,-95,-99,-102,-98,-102,-102,-102,-102,-100,-100,-100,-92,-92,-92,-116,-116,-116,-116,-149,-137,-156,-153,-175,-175,-174,-174,-177,-184,-174,-156,-214,-233,-306,-306,-300,-299,-693,-692]} 1. e4 d5 2. exd5 Qxd5 3. Nc3 Qd6 4. Nf3 Nf6 5. d4 c6 6. Bd3 {B01: Scandinavian Defence} (6. Be3 {feels hotter.} Bf5 7. Nh4 Be6 8. Qd2 Nbd7 9. Bd3) (6. h3 g6 7. Bc4 Be6 8. Bb3 Bxb3 9. axb3 Qe6+ 10. Ne5 Nbd7 11. O-O Nxe5 12. dxe5 Qxe5 13. Re1 Qf5 {1-0 (24) Dominguez Perez,L (2752)-Andreikin,D (2759) Hengshui 2019}) 6... Bg4 7. Ne4 Nxe4 8. Bxe4 {The position is equal.} Nd7 {[%cal Bb8d7,Bd7f6,Bf6d5][%mdl 32]} 9. c3 Nf6 10. Bc2 Qd5 11. h3 $146 (11. Bb3 {is interesting.} Bxf3 12. gxf3 Qd7 13. Bf4 g6 14. Be5) ({Predecessor:} 11. Bf4 Bxf3 12. Qxf3 Qxf3 13. gxf3 e6 14. O-O-O O-O-O 15. Rhe1 {½-½ (81) Malik,F (1893)-McCabe,S (1854) Birmingham 2015}) 11... Bxf3 12. Qxf3 Qxf3 13. gxf3 e6 14. Bg5 Nd5 15. Be4 Bd6 16. Ke2 Kd7 17. Be3 g6 18. Rad1 b5 19. Rc1 a5 20. c4 bxc4 21. Rxc4 Rhb8 22. Rb1 Rb4 23. Rxb4 axb4 24. Ra1 Nxe3 25. fxe3 $17 {[%mdl 4096] Endgame KRB-KRB} Ra5 26. f4 c5 27. dxc5 Bxc5 28. a3 bxa3 29. bxa3 Bxa3 30. Kf3 Ke7 31. Bd3 Kf6 32. Ra2 e5 33. Bc4 exf4 34. exf4 Rc5 35. Rc2 Rh5 {Played: Rc5-c7} 0-1

[Event "Tata Steel GCT Blitz 2019"]
[Site "Kolkata"]
[Date "2019.11.25"]
[Round "9"]
[White "Carlsen, Magnus"]
[Black "So, Wesley"]
[Result "1/2-1/2"]
[WhiteElo "2870"]
[BlackElo "2760"]
[Annotator "TA"]
[PlyCount "72"]
[EventDate "2019.11.25"]
[EventType "tourn"]
[EventCountry "IND"]
[SourceTitle "playchess.com"]
[Source "ChessBase"]
[SourceQuality "1"]

{[%evp 17,72,0,18,11,14,3,16,18,14,14,18,9,6,9,9,9,7,8,14,6,11,0,0,0,0,0,24,26,35,31,28,40,59,39,25,41,54,13,12,15,17,14,14,14,8,-8,0,-47,-21,-28,0,0,0,0,0,-35,-33]} 1. d4 Nf6 2. c4 e6 3. Nc3 Bb4 4. Nf3 c5 5. g3 cxd4 6. Nxd4 O-O 7. Bg2 d5 8. cxd5 Nxd5 9. Qb3 Qa5 {[%cal Rd5c3]} 10. O-O $146 {[%cal Rc3d5] E20: Nimzo-Indian: 4 g3 and 4 f3} ({Predecessor:} 10. Bd2 Nc6 11. Nxc6 bxc6 12. O-O Bxc3 13. bxc3 Ba6 14. Rfe1 Rab8 15. Qc2 Bc4 16. e4 Nb6 17. e5 Bd5 18. c4 Qc5 19. Bf1 Nxc4 20. Rec1 {½-½ (47) Wei,Y (2736)-So,W (2754) Abidjan 2019}) 10... Nxc3 11. a3 Be7 {[#] White must now prevent ...Nd5.} (11... Nxe2+ {looks sharper.} 12. Nxe2 Bc5 13. Bxb7 Bxb7 14. Qxb7 Qb6) 12. Qxc3 {The position is equal.} ({Much weaker is} 12. Bxb7 Bxb7 13. Qxb7 Qd5 $17) 12... Qxc3 13. bxc3 e5 14. Nb5 {Nc7 is the strong threat.} Nc6 15. Nc7 Rb8 16. Be3 Bg4 17. Nd5 Bd6 18. Rfe1 Rfc8 19. h3 $36 {[%mdl 2048] White has the initiative.} Be6 20. Red1 Bf8 21. Nb4 Na5 22. Bxa7 Ra8 23. Be3 Rxc3 24. Nd5 Bxd5 25. Bxd5 Nc4 26. Bc1 Ra7 27. a4 b5 28. a5 Rxa5 29. Rxa5 Nxa5 30. Bd2 Ra3 31. Bxa5 Rxa5 $11 {KRB-KRB} 32. Rc1 Ra7 (32... b4 $5 {[%cal Ra5d5]} 33. Bb3 Ra7 $15) 33. Rc8 g6 34. Re8 Re7 35. Rb8 Rc7 36. Bb3 b4 {Accuracy: White = 53%, Black = 64%.} 1/2-1/2

[Event "Tata Steel GCT Blitz 2019"]
[Site "Kolkata"]
[Date "2019.11.25"]
[Round "9"]
[White "Giri, Anish"]
[Black "Harikrishna, Pentala"]
[Result "1/2-1/2"]
[WhiteElo "2776"]
[BlackElo "2731"]
[Annotator "TA"]
[PlyCount "53"]
[EventDate "2019.11.25"]
[EventType "tourn"]
[EventCountry "IND"]
[SourceTitle "playchess.com"]
[Source "ChessBase"]
[SourceQuality "1"]

{[%evp 18,53,10,8,14,16,18,19,29,3,17,6,18,18,29,27,21,19,19,11,20,26,6,1,1,-22,-20,-12,-26,-31,-7,-22,-13,-4,-3,-12,0,0]} 1. c4 Nf6 2. Nf3 e6 3. g3 d5 4. Bg2 Be7 5. d4 O-O 6. O-O dxc4 7. Qc2 a6 8. Qxc4 b5 9. Qc2 Bb7 10. Bd2 Bd6 {E05: Open Catalan: 5 Nf3 Be7} (10... Be4 11. Qc1 c6 12. a4 Nbd7 13. Nc3 Bg6 14. Nh4 Bh5 15. h3 Nd5 16. axb5 axb5 17. Nxd5 cxd5 18. Bf3 Bxf3 19. Nxf3 {½-½ (54) Sjugirov,S (2662)-Radjabov,T (2758) Khanty-Mansiysk 2019}) 11. Re1 Be4 12. Qc1 Bb7 13. a3 Nbd7 14. b4 Qc8 15. Nc3 Ne4 16. Nxe4 Bxe4 17. Bh3 {[#]} Bxf3 $146 ({Predecessor:} 17... h6 18. Bc3 Bxf3 19. exf3 Nb6 {½-½ (89) Harika,D (2492)-Koneru,H (2597) Dilijan 2013}) 18. exf3 c6 19. f4 Nb6 20. Qc2 {Hoping for f5.} g6 21. Bf1 Ra7 22. Rac1 Rc7 23. Qe4 Qd7 24. Rc2 {The position is equal.} Rfc8 25. Rec1 Be7 26. Be3 Bf6 27. h4 {Accuracy: White = 48%, Black = 59%.} 1/2-1/2